Statistics for Daily Dose of Animal Knowledge #4

Click here to take the quiz!

General Stats

  • This quiz has been taken 9 times
  • The average score is 3 of 7

Answer Stats

QuestionAnswer% Correct
What is the smartest birdCrow
71%
What type of an animals blood is used in the covid 19 vaccine and LALHorseshoe crab
71%
Which of these animals can catch leprosyArmadillos
57%
What is the smartest snakeKing Cobra
43%
How long can a ball python go without foodTwo years
43%
How many eggs does a Hawksbill sea turtle lay per nest130 to 160 eggs
29%
Which of these animals have 360 degree visual rangeFrog
29%

Score Distribution

Percentile by Number Answered

Percent of People with Each Score

Your Score History

You have not taken this quiz